000 01161nam a22002537a 4500
003 Uzh_bibl
008 260428b |||||||| |||| 00| 0 ukr d
020 _a966-8114-28-0
_c15,00
040 _bукр.
041 _2ukr
_aukr
080 _a030
090 _a030
_bВ 27
100 _a-
245 _aВеликий термінологічний словник школяра
_bДля учнів 5-11 класів
_cГол. ред. Р.М, Дерев'янченко
_hТекст
260 _aХарків
_bВидавництво "Школа"
_c2004
300 _a720 с.
_bіл.
_fВ опр.
520 _aПропонований словник містить усі основні терміни (поняття) із сучасних курсів шкільних наук, передбачених Міністерством освіти і науки України.
521 _aДля широкого кола читачів
546 _aукр.
650 _aДовідкове видання
653 _aМова
_aМатематика
_aХімія
655 _aДовідкова література
_vСловник
942 _2udc
_cBK
999 _c17547
_d17547